The Bedford handbook

Salvato in:
Dettagli Bibliografici
Autori principali: Hacker, Diana (Autore), Sommers, Nancy (Autore)
Natura: Libro
Lingua:inglese
Pubblicazione: Boston Bedford-ST. Martin's 2014
Edizione:9a. ed
Soggetti:
Tags: Aggiungi Tag
Nessun Tag, puoi essere il primo ad aggiungerne!!

MARC

LEADER 00000cam a2200000 a 4500
001 UCD9920
003 CL-VaPUC
008 170709e20140000us |||||||||||||||||eng|d
020 |a 9781457608032 
020 |a 9781457608018 
020 |a 9781457608025 
082 0 4 |a 425  |b HAC  |2 21 
100 |a Hacker, Diana  |e author  |9 593841 
700 0 |a Sommers, Nancy  |e author  |9 593842 
245 1 4 |a The Bedford handbook 
250 |a 9a. ed 
300 |a 854 p 
942 |c BK 
945 |d 20170709 17:01:00  |a arojas 
260 |a Boston  |b Bedford-ST. Martin's  |c 2014 
650 0 |a Inglés  |9 260023 
650 0 |a Gramática  |9 270497 
650 0 |a Enseñanza de idiomas  |9 339820 
650 0 |a Enseñanza del inglés  |9 367340 
583 |a last modification  |c 20170709 17:01:00  |k Rodrigo Vera 
999 |c 368932  |d 368930 
952 |0 0  |1 0  |3 erb  |4 0  |6 425_000000000000000_HAC_2014  |7 0  |8 A  |9 484432  |a BIBEDU  |b BIBEDU  |i 5406242  |o 425 HAC 2014  |p 5406242  |r 2019-11-24  |w 2019-11-24  |y BK  |z Catalogado en:20170709  |k CIT